000 00423nam a22001457a 4500
008 230519b |||||||| |||| 00| 0 eng d
020 _a978-99936-622-9-7
082 _a577
100 _aThe National Museum of Bhutan
245 _aIndigenous facts of Bhutan,
_bThe proceedings of the Third Colloquium
250 _a3rd Edition
300 _a156 p.
_c23 cm
942 _2ddc
999 _c9567
_d9568